000 nam a22 a 4500
999 _c3053
_d3053
005 20170519103529.0
008 170519b1983 enk||||| |||| 00| 0 eng d
020 _a 013339557X
020 _a0442260121 :
_c£23.65
040 _aAKMAL
082 0 4 _a658.3 LAB
090 _a658.3
_bLAB
100 1 _aLa Belle, Charles.
_96355
245 0 0 _aFinding, selecting, developing and retaining data processing professionals through effective human resources management
_cCharles La Belle ; with Susan Bookbinder ... [et al.].
260 _aNew York ;
260 _aLondon :
_bVan Nostrand Reinhold
_cc1983
300 _axviii,286p.
_c24cm
_bforms ;
500 _aIncludes index.
650 0 _aElectronic data processing departments
_xPersonnel management..
_96356
650 0 _aElectronic data processing personnel
_xTraining of.
_96357
852 4 1 _aBritish Library
_bHMNTS
942 _2ddc
_cBOOK